Biology for engineers (Record no. 194521)

000 -LEADER
fixed length control field 00382nam a22001457a 4500
005 - DATE AND TIME OF LATEST TRANSACTION
control field 20230706150314.0
008 - FIXED-LENGTH DATA ELEMENTS--GENERAL INFORMATION
fixed length control field 230706b ||||| |||| 00| 0 eng d
040 ## - CATALOGING SOURCE
Transcribing agency AACR2
100 ## - MAIN ENTRY--PERSONAL NAME
Personal name Singh, Sohini and Allen, Tanu
9 (RLIN) 14567
245 ## - TITLE STATEMENT
Title Biology for engineers
260 ## - PUBLICATION, DISTRIBUTION, ETC.
Place of publication, distribution, etc. New Delhi
Name of publisher, distributor, etc. Vayu Education
Date of publication, distribution, etc. 2016
300 ## - PHYSICAL DESCRIPTION
Extent XIX, 371p.
650 ## - SUBJECT ADDED ENTRY--TOPICAL TERM
Topical term or geographic name entry element Biology
9 (RLIN) 14568
942 ## - ADDED ENTRY ELEMENTS (KOHA)
Source of classification or shelving scheme
Koha item type Books
Holdings
Withdrawn status Lost status Source of classification or shelving scheme Damaged status Not for loan Collection code Home library Current library Shelving location Date acquired Total Checkouts Full call number Barcode Date last seen Cost, replacement price Price effective from Koha item type
          Humanity Science Central Library Central Library Book Cart 07/06/2023   660.6 SIN 25766 07/06/2023 250.00 07/06/2023 Books
          Humanity Science Central Library Central Library Book Cart 07/06/2023   660.6 SIN 25767 07/06/2023 250.00 07/06/2023 Books

Powered by Koha